Concellos of Pontevedra (Fill-in Map) - Statistics

General Stats
  • This quiz has been taken 131 times
  • The average score is 37 of 61
Answers on the Map
Answers color-coded by a green-red scale on the quiz's map according to % correct below.
 
Answer Stats
Answer % Correct
Vigo
90%
Pontevedra
86%
Tui
83%
A Guarda
81%
Redondela
81%
Sanxenxo
81%
Cangas
80%
Vilagarcía de Arousa
80%
Baiona
78%
Bueu
78%
A Illa de Arousa
76%
Lalín
76%
Marín
75%
O Grove
75%
Tomiño
73%
A Estrada
71%
Moaña
71%
Cambados
69%
Poio
69%
Ponteareas
69%
Vilanova de Arousa
69%
Nigrán
68%
Silleda
68%
Vilaboa
64%
Gondomar
63%
O Porriño
63%
O Rosal
63%
Catoira
61%
Mondariz
61%
Oia
61%
A Cañiza
59%
Soutomaior
59%
Caldas de Reis
58%
Forcarei
56%
Mondariz-Balneario
56%
Mos
56%
Pontecesures
56%
Salvaterra de Miño
56%
Salceda de Caselas
54%
Valga
54%
Arbo
53%
As Neves
53%
Meis
53%
Cerdedo-Cotobade
51%
A Lama
49%
Pontecaldelas
49%
Vila de Cruces
49%
Fornelos de Montes
47%
Barro
46%
Ribadumia
46%
Agolada
44%
Meaño
44%
Moraña
44%
Cuntis
41%
Crecente
39%
Pazos de Borbén
39%
Covelo
37%
Dozón
37%
Campo Lameiro
36%
Portas
36%
Rodeiro
36%
No matching quizzes found
Score Distribution
Percent of People with Each Score
Percentile by Number Answered
Your Score History
You have not taken this quiz